000 00774nam a2200289Ia 4500
005 20260324151019.0
008 008 260324s9999 xx 000 0 eng d
020 _a9781315163215
037 _aEBOOK
040 _aCRL
040 _beng
040 _cCRL
041 _2eng
041 _aeng
084 _qCRL
100 _aEllis T. Powell
_91228419
245 4 _aThe Evolution of the Money Market 1385-1915
245 3 _bAn Historical and Analytical Study of the Rise and Development of Finance as a Centralised, Co-ordinated Force
260 _bTaylor and Francis
260 _c1915
365 _a
365 _b350
856 _uhttp://www.taylorfrancis.com/books/9781315163215
942 _cEBOOK
999 _c1838831
_d1838831